UBT Library

BIOLOGY LIFE ON EARTH (Record no. 59349)

000 -LEADER
fixed length control field 00334nam a22001457a 4500
008 - FIXED-LENGTH DATA ELEMENTS--GENERAL INFORMATION
fixed length control field 230210b ||||| |||| 00| 0 eng d
020 ## - INTERNATIONAL STANDARD BOOK NUMBER
International Standard Book Number 9780133923001
041 ## - LANGUAGE CODE
Language code of text/sound track or separate title eng
080 ## - UNIVERSAL DECIMAL CLASSIFICATION NUMBER
Edition identifier ELEVENTH EDITION
Universal Decimal Classification number 573
082 ## - DEWEY DECIMAL CLASSIFICATION NUMBER
Classification number 573AUD
100 ## - Rafti
Rafti 12
101 ## - Shkurtesa
Shkurtesa BIOLO
245 ## - TITLE STATEMENT
Title BIOLOGY LIFE ON EARTH
Statement of responsibility, etc AUDESIRK T
942 ## - ADDED ENTRY ELEMENTS (KOHA)
Source of classification or shelving scheme
Item type Books
Holdings
Withdrawn status Lost status Source of classification or shelving scheme Damaged status Not for loan Collection code Permanent location Current location Date acquired Total Checkouts Full call number Barcode Date last seen Price effective from Koha item type
          Koleksioni i përgjithshem UBT - Lipjan UBT - Lipjan 02/10/2023   573AUD 003-298 02/10/2023 02/10/2023 Books
UBT Library © 2015-2024. All rights reserved University Education for Business and Technology